Normal view
MARC view
Entry Topical Term
001 - CONTROL NUMBER
- control field: 18532
003 - CONTROL NUMBER IDENTIFIER
- control field: OSt
005 - DATE AND TIME OF LATEST TRANSACTION
- control field: 20201012123824.0
008 - FIXED-LENGTH DATA ELEMENTS
- fixed length control field: 201012|| aca||aabn | a|a d
040 ## - CATALOGING SOURCE
- Original cataloging agency: OSt
- Transcribing agency: OSt
150 ## - HEADING--TOPICAL TERM
- Topical term or geographic name entry element: Analysis of Education, Economics of minorities, Races, Indigenous peoples, Labor discrimination
670 ## - SOURCE DATA FOUND
- Source citation: Work cat.: (OSt): Cohodes, Sarah R. 18531, The long-run impacts of specialized programming for high-achieving students
